NLSUI OPAC header image

Myanmarese refugees in Thailand : need for effective protection (Record no. 216848)

MARC details
000 -LEADER
fixed length control field 01759nam a2200157Ia 4500
005 - DATE AND TIME OF LATEST TRANSACTION
control field 20260209120125.0
008 - FIXED-LENGTH DATA ELEMENTS--GENERAL INFORMATION
fixed length control field 260209s9999||||xx |||||||||||||| ||und||
100 ## - MAIN ENTRY--PERSONAL NAME
Personal name Richa Tewari
245 #0 - TITLE STATEMENT
Title Myanmarese refugees in Thailand : need for effective protection
260 ## - PUBLICATION, DISTRIBUTION, ETC.
Place of publication, distribution, etc. BangaloreBangalore
Name of publisher, distributor, etc. NLSIU
Date of publication, distribution, etc. 2008
300 ## - PHYSICAL DESCRIPTION
Extent 120 p. ; 25 cm.
505 ## - FORMATTED CONTENTS NOTE
Formatted contents note TABLE OF CONTENTS DECLARATION; CERIFICATE; ACKNOWLEDGEMENT; ABBREVIATIONS; I. INTRODUCTION; II.PROBLEMS IN MYANMAR; A. Historical context; B. Current Political Crisis and Democratic Movement; C. Question of Ethnic Minorities; D. Human Rights Record and Displacement; III. HUMAN RIGHTS VIOLATIONS IN MYANMAR ; IV. MYANMARESE REFUGEES IN THAILAND ; A. In Camps; B. Outside Camps; V. PROFLIE OF MYANMARESE REFUGEES IN THAILAND; A. Students; B. Ethnic Group; C. Women; D. Children; VI. THAI POLICY TOWARDS MYNMARESE REFUGEES; A. Classification of People from Myanmar; VII. POLICY ANALYSIS OF THAILAND; A. The coherence of Thai Policy with Human Rights and Refugee Standards; B. The coherence of Implemented Policy with Human Rights and Refugee Standards; C. Thailand's Compliance with Human Rights and Refugee Standards; VIII. ROLE OF UNHCR IN THAILAND; A. First Legal Assistance Centre for Myanmarese Refugees; B. Provincial Admission Awards; IX. PROTECTION ISSUES FOR THE REFUGEES; A. Repatriation Rhetoric, Forced Deportation and Internal Flight Alternative; B. Trafficking of Myanmarese Women and Children; X. CONCLUSION; REFERENCES; APPENDIX.
650 ## - SUBJECT ADDED ENTRY--TOPICAL TERM
Topical term or geographic name entry element Human Rights Violation - Myanmar Myanmarese Refugees in Thailand Role of UNHCR - Mynmarse Refugees - Thailand
700 ## - ADDED ENTRY--PERSONAL NAME
Personal name Prof. (Dr.) V Vijayakumar - GuideProf. (Dr.) V Vijayakumar - Guide
856 ## - ELECTRONIC LOCATION AND ACCESS
Uniform Resource Identifier <a href="https://dans.nls.ac.in/handle/123456789/1366">https://dans.nls.ac.in/handle/123456789/1366</a>
Holdings
Withdrawn status Lost status Damaged status Not for loan Home library Current library Date acquired Total Checkouts Barcode Date last seen Price effective from Koha item type
        . . 09.02.2026   LLM213 09.02.2026 09.02.2026 Dissertation